Загрузка...

Eukaryotes at the subcellular level: Development and differentiation

Библиографические подробности
Главный автор: Last, Jerold
Формат: Printed Book
Опубликовано: Marcel Dekker, INC., New York 1976
Предметы:
LEADER 00547nam a2200193 4500
020
082 |a 572.8 LAS-E 
100 |a Last, Jerold 
245 |a Eukaryotes at the subcellular level: Development and differentiation 
250
260 |a Marcel Dekker, INC., New York  |c 1976 
300
490
500
590 |a VIN 
650 |a Biochemical genetics-- Molecular Biology 
942 |c BK 
999 |c 93123  |d 93123 
952 |0 0  |1 0  |4 0  |6 572_800000000000000_LASE  |7 0  |9 106591  |a ZGY  |b ZGY  |l 0  |o 572.8 LAS-E  |p ZGYG0144  |r 2019-09-25  |w 2019-09-25  |y BK